| 000 | 00567nam a2200193 i 4500 | ||
|---|---|---|---|
| 001 | 29153 | ||
| 003 | ES-MaACL | ||
| 005 | 20251003063043.0 | ||
| 007 | t| | ||
| 008 | 030121q18001899fr ||||1| fre d | ||
| 100 | 1 |
_aBarbey d'Aurevilly, Jules Amédée, _d1808-1889 _925447 |
|
| 245 | 1 | 0 |
_aOeuvres / _cde Jules Amadée Barley d'Aurevilley. |
| 260 |
_aParís : _bAlphonse Lemerre, _c[18--?] |
||
| 300 |
_a2 v. ; _c16 cm. |
||
| 505 | 8 | _aContiene: Un prête Marié | |
| 740 | 3 | _aUn prête Marié. | |
| 852 |
_aES-MaACL _jG-2430-31 |
||
| 999 |
_c29153 _d29153 |
||